000 00323nam a22001337a 4500
008 180927b xxu||||| |||| 00| 0 eng d
020 _a9781412977371
041 _aeng
080 _23 ED
_a330
100 _a53
101 _aECU
245 _aClose Encounters Communication In Relations
_cGerro.L.K
942 _2udc
_cBK
999 _c48566
_d48566